Designing research questionnaires: for business and management students
Salvato in:
| Autore principale: | |
|---|---|
| Natura: | Libro |
| Lingua: | inglese |
| Pubblicazione: |
Sage Publications,
2015.
|
| Tags: |
Aggiungi Tag
Nessun Tag, puoi essere il primo ad aggiungerne!!
|
MARC
| LEADER | 00000nam a22000007a 4500 | ||
|---|---|---|---|
| 008 | 210819b ||||| |||| 00| 0 eng d | ||
| 020 | |a 978-1-44627-357-9 | ||
| 100 | |a EKINCI, Yuksel. | ||
| 245 | |a Designing research questionnaires: |b for business and management students |c Yuksel Ekinci |e Mastering business research methods |g xii, 163p. : ill. | ||
| 260 | |b Sage Publications, |c 2015. |h Los Angeles: |i 693435 |i 693436 |l HD30.4 .Ek3 |m Management – Research. |m Management – Research – Methodology. |m Business – Research. |m Business – Research – Methodology. |m Questionnaires – Design. | ||
| 500 | |a “It includes references and index”. | ||
| 942 | |a lcc |c BK |e Adeniran, F. A |f 19/08/2021 | ||
| 952 | |0 0 |1 0 |2 lcc |4 0 |6 HD00304 E K3 |7 0 |9 3133 |a HOL |b MPL |c GJ |d 2021-08-19 |l 0 |o HD30.4 .Ek3 |p 2021-66831 |r 2021-08-19 00:00:00 |w 2021-08-19 |y BK | ||
| 952 | |0 0 |1 0 |2 lcc |4 0 |6 HD00304 E K3 |7 0 |9 3134 |a HOL |b HOL |c GJ |d 2021-08-19 |l 0 |o HD30.4 .Ek3 |p 2021-66832 |r 2021-08-19 00:00:00 |w 2021-08-19 |y BK | ||
| 999 | |c 1585 |d 1585 | ||